[Event "Wasselonne op 22nd"]
[Site "Wasselonne"]
[Date "2018.08.02"]
[Round "2"]
[White "Dobschat, Benjamin"]
[Black "Bellahcene, Bilel"]
[Result "0-1"]
[WhiteElo "2081"]
[BlackElo "2507"]
[PlyCount "114"]
[EventDate "2018.08.02"]
[EventType "swiss"]
[EventRounds "7"]
[EventCountry "FRA"]
[SourceTitle "CBM 185 Extra"]
[Source "ChessBase"]
[SourceDate "2018.07.29"]
[SourceVersion "1"]
[SourceVersionDate "2018.07.29"]
[SourceQuality "1"]

1. e4 c5 2. Nf3 d6 3. d4 cxd4 4. Nxd4 Nf6 5. Nc3 a6 6. Be2 e5 7. Nb3 Be7 8. 0-0 0-0 9. Be3 Be6 10. f3 Nbd7 11. Qd2 Nb6 12. Rfd1 d5 13. exd5 Nbxd5 14. Nxd5 Nxd5 15. Bf2 Qc7 16. c3 Rad8 17. Qe1 Nf4 18. Rxd8 Nxe2+ 19. Qxe2 Rxd8 20. Rd1 Rxd1+ 21. Qxd1 f6 22. Qd2 g5 23. Nc1 h5 24. h3 Kg7 25. b3 b5 26. Ne2 Qc6 27. Ng3 Kg6 28. Qe3 Bc8 29. Qe4+ Qxe4 30. Nxe4 f5 31. Nc5 g4 32. hxg4 hxg4 33. Nd3 Bd6 34. Kf1 Bc7 35. Ke2 f4 36. Nc5 g3 37. Bg1 Bb6 38. Kd2 Bf5 39. a4 bxa4 40. bxa4 Bb1 41. a5 Bxa5 42. Nxa6 Kf5 43. Nb4 e4 44. Nc6 e3+ 45. Bxe3 fxe3+ 46. Kxe3 Bxc3 47. Ne7+ Ke6 48. Nc6 Bf5 49. Kf4 Bd3 50. Kxg3 Bb5 51. Nd8+ Ke7 52. Nb7 Bb4 53. Kf4 Bc6 54. g4 Bxb7 55. g5 Kf7 56. Kg4 Kg6 57. f4 Bc8+ 0-1

[Event "Verbandsliga Suedbaden 1516"]
[Site "Baden"]
[Date "2016.03.20"]
[Round "8.3"]
[White "Merkel, Markus"]
[Black "Dobschat, Benjamin"]
[Result "1/2-1/2"]
[WhiteElo "2116"]
[BlackElo "2092"]
[PlyCount "57"]
[EventDate "2015.09.27"]
[EventType "team-tourn"]
[EventRounds "9"]
[EventCountry "GER"]
[SourceTitle "EXT 2022"]
[Source "ChessBase"]
[SourceDate "2021.10.06"]
[SourceVersion "1"]
[SourceVersionDate "2021.10.06"]
[SourceQuality "1"]
[WhiteTeam "Heitersheim"]
[BlackTeam "Offenburg"]
[WhiteTeamCountry "GER"]
[BlackTeamCountry "GER"]

1. e4 e5 2. Nf3 Nc6 3. c3 Nf6 4. d3 Be7 5. Be2 0-0 6. 0-0 d5 7. Nbd2 a6 8. Re1 dxe4 9. dxe4 b5 10. Qc2 Bb7 11. Nb3 Nd7 12. Rd1 Qc8 13. Be3 Re8 14. Ne1 Nf8 15. Nd3 Bd6 16. Rac1 Nd8 17. Nbc5 Bc6 18. Nb4 Nfe6 19. Nxe6 Qxe6 20. Nxc6 Nxc6 21. c4 Nd4 22. Bxd4 exd4 23. g3 Rab8 24. c5 Bf8 25. Rxd4 Qxa2 26. Rd7 c6 27. Bd3 Qe6 28. Ra7 Ra8 29. Rxa8 1/2-1/2

[Event "Verbandsliga Suedbaden 1415"]
[Site "Baden"]
[Date "2014.12.14"]
[Round "4.4"]
[White "Dobschat, Benjamin"]
[Black "Kopp, Berthold"]
[Result "1/2-1/2"]
[WhiteElo "2092"]
[BlackElo "2199"]
[PlyCount "59"]
[EventDate "2014.10.12"]
[EventType "team-tourn"]
[EventRounds "9"]
[EventCountry "GER"]
[SourceTitle "EXT 2022"]
[Source "ChessBase"]
[SourceDate "2021.10.06"]
[SourceVersion "1"]
[SourceVersionDate "2021.10.06"]
[SourceQuality "1"]
[WhiteTeam "Offenburg"]
[BlackTeam "Lahr"]
[WhiteTeamCountry "GER"]
[BlackTeamCountry "GER"]

1. e4 c6 2. d4 d5 3. exd5 cxd5 4. c4 Nf6 5. Nc3 e6 6. Nf3 Be7 7. Bf4 a6 8. c5 Bd7 9. Be2 0-0 10. 0-0 Bc6 11. b4 Ne4 12. Qc2 Nxc3 13. Qxc3 Bb5 14. Rfe1 Bxe2 15. Rxe2 Nd7 16. a4 Nf6 17. Rea2 Ne4 18. Qd3 Bf6 19. Ne5 Bg5 20. Bxg5 Nxg5 21. b5 f6 22. Ng4 Qd7 23. Ne3 Nf7 24. Rb1 Rfc8 25. Rab2 axb5 26. Rxb5 Nd8 27. Qb3 Ra7 28. g3 Rca8 29. Ra1 Nc6 30. Nc2 1/2-1/2

[Event "Verbandsliga Sued Baden 1314"]
[Site "Germany"]
[Date "2013.12.08"]
[Round "3.3"]
[White "Dobschat, Benjamin"]
[Black "Langwieser, Alexander"]
[Result "1/2-1/2"]
[WhiteElo "2092"]
[BlackElo "2112"]
[PlyCount "38"]
[EventDate "2013.10.20"]
[EventType "team-tourn"]
[EventRounds "9"]
[EventCountry "GER"]
[SourceTitle "EXT 2015"]
[Source "ChessBase"]
[SourceDate "2014.11.20"]
[SourceVersion "1"]
[SourceVersionDate "2014.11.20"]
[SourceQuality "1"]
[WhiteTeam "Offenburg"]
[BlackTeam "Konstanz"]
[WhiteTeamCountry "GER"]
[BlackTeamCountry "GER"]

1. e4 c6 2. d4 d5 3. exd5 cxd5 4. c4 Nf6 5. Nc3 Nc6 6. Nf3 Bg4 7. Be3 e6 8. Be2 dxc4 9. Bxc4 Bb4 10. 0-0 0-0 11. h3 Bxf3 12. Qxf3 Nxd4 13. Qxb7 Nc2 14. Rad1 Qc8 15. Ba6 Qxb7 16. Bxb7 Rab8 17. Ba6 Nxe3 18. fxe3 Bc5 19. Rfe1 Rfd8 1/2-1/2

[Event "Verbandsliga Sued Baden 1213"]
[Site "Baden"]
[Date "2013.03.03"]
[Round "7.3"]
[White "Tiemann, Tobias"]
[Black "Dobschat, Benjamin"]
[Result "0-1"]
[WhiteElo "1967"]
[BlackElo "2092"]
[PlyCount "76"]
[EventDate "2012.10.21"]
[EventType "team-tourn"]
[EventRounds "9"]
[EventCountry "GER"]
[SourceTitle "EXT 2014"]
[Source "ChessBase"]
[SourceDate "2013.11.20"]
[SourceVersion "1"]
[SourceVersionDate "2013.11.20"]
[SourceQuality "1"]
[WhiteTeam "Baden-Baden IV"]
[BlackTeam "Offenburg"]
[WhiteTeamCountry "GER"]
[BlackTeamCountry "GER"]

1. d4 d5 2. Nf3 Nf6 3. g3 e6 4. Bg2 c5 5. c4 Nc6 6. cxd5 Nxd5 7. 0-0 Be7 8. Nc3 Nxc3 9. bxc3 0-0 10. e4 b6 11. d5 Na5 12. Qc2 exd5 13. exd5 Bf6 14. Bf4 g6 15. Rad1 Bf5 16. Qc1 Nc4 17. h3 Qd7 18. g4 Be4 19. Rfe1 Rfe8 20. Ne5 Bxe5 21. Rxe4 Bxf4 22. Qxf4 Rxe4 23. Qxe4 Nd6 24. Qb1 Re8 25. Re1 Kf8 26. Bf3 Rxe1+ 27. Qxe1 Qe7 28. Qxe7+ Kxe7 29. Be2 Ne4 30. c4 Nc3 31. Bd3 Nxa2 32. Kf1 Kd6 33. f4 Nb4 34. Be2 b5 35. cxb5 Nxd5 36. f5 gxf5 37. Kf2 fxg4 38. hxg4 Ke5 0-1

[Event "Verbandsliga Sued Baden 1213"]
[Site "Baden"]
[Date "2013.01.27"]
[Round "5.3"]
[White "Fien, Andreas"]
[Black "Dobschat, Benjamin"]
[Result "1/2-1/2"]
[WhiteElo "2156"]
[BlackElo "2092"]
[PlyCount "55"]
[EventDate "2012.10.21"]
[EventType "team-tourn"]
[EventRounds "9"]
[EventCountry "GER"]
[SourceTitle "EXT 2014"]
[Source "ChessBase"]
[SourceDate "2013.11.20"]
[SourceVersion "1"]
[SourceVersionDate "2013.11.20"]
[SourceQuality "1"]
[WhiteTeam "Lahr"]
[BlackTeam "Offenburg"]
[WhiteTeamCountry "GER"]
[BlackTeamCountry "GER"]

1. e4 e5 2. Nf3 Nc6 3. Bb5 a6 4. Ba4 b5 5. Bb3 Be7 6. 0-0 Nf6 7. Re1 d6 8. c3 Bg4 9. d3 0-0 10. Nbd2 Na5 11. Bc2 c5 12. Nf1 Nc6 13. Ne3 Bh5 14. h3 Re8 15. g4 Bg6 16. Nh4 Nd7 17. Nhf5 Nf8 18. Nd5 Ne6 19. Bb3 Bf8 20. Qf3 Rb8 21. Be3 Ne7 22. Kh2 Nxd5 23. Bxd5 Be7 24. Rg1 Bg5 25. Bxg5 Nxg5 26. Qe3 Ne6 27. Rg3 Nf4 28. Bb3 1/2-1/2

[Event "Verbandsliga Sued Baden 1112"]
[Site "Germany"]
[Date "2012.03.25"]
[Round "8.2"]
[White "Fien, Andreas"]
[Black "Dobschat, Benjamin"]
[Result "1/2-1/2"]
[WhiteElo "2130"]
[BlackElo "2092"]
[PlyCount "73"]
[EventDate "2011.10.09"]
[EventType "team-tourn"]
[EventRounds "9"]
[EventCountry "GER"]
[SourceTitle "EXT 2013"]
[Source "ChessBase"]
[SourceDate "2012.11.22"]
[SourceVersion "1"]
[SourceVersionDate "2012.11.22"]
[SourceQuality "1"]
[WhiteTeam "Lahr"]
[BlackTeam "Offenburg"]
[WhiteTeamCountry "GER"]
[BlackTeamCountry "GER"]

1. e4 e5 2. Nf3 Nc6 3. Bb5 a6 4. Ba4 b5 5. Bb3 Be7 6. d4 exd4 7. c3 Na5 8. Bc2 dxc3 9. Nxc3 Bb7 10. 0-0 d6 11. Nd4 Bf6 12. Nf5 Ne7 13. Qf3 Nxf5 14. Qxf5 Qd7 15. Qh5 Bxc3 16. bxc3 Nc4 17. f4 Qe6 18. Re1 0-0 19. e5 f5 20. Be3 g6 21. Qh6 dxe5 22. fxe5 Qc6 23. Re2 Nxe3 24. Qxe3 Qb6 25. Qxb6 cxb6 26. Bb3+ Kg7 27. Rd1 Bc6 28. Rd6 Rac8 29. e6 Rfd8 30. Rxd8 Rxd8 31. e7 Re8 32. Re6 Bd7 33. Rxb6 a5 34. Rb7 Rxe7 35. a4 b4 36. cxb4 axb4 37. Rxb4 1/2-1/2

[Event "Verbandsliga Sued Baden 0607"]
[Site "Germany"]
[Date "2006.12.17"]
[Round "4.4"]
[White "Dobschat, Benjamin"]
[Black "Germer, Philipp"]
[Result "1/2-1/2"]
[WhiteElo "2044"]
[BlackElo "2109"]
[PlyCount "52"]
[EventDate "2006.10.22"]
[EventType "team-tourn"]
[EventRounds "9"]
[EventCountry "GER"]
[SourceTitle "EXT 2008"]
[Source "ChessBase"]
[SourceDate "2007.11.25"]
[SourceVersion "1"]
[SourceVersionDate "2007.11.25"]
[SourceQuality "1"]
[WhiteTeam "Kehl"]
[BlackTeam "Oberwinden"]
[WhiteTeamCountry "GER"]
[BlackTeamCountry "GER"]

1. e4 e6 2. d4 d5 3. Nd2 Nf6 4. e5 Nfd7 5. Bd3 c5 6. c3 Nc6 7. Ne2 Be7 8. 0-0 0-0 9. f4 f5 10. exf6 Bxf6 11. Nf3 cxd4 12. cxd4 Qb6 13. Kh1 g6 14. Bb1 Ne7 15. a3 Bg7 16. g4 Nf6 17. Rg1 Bd7 18. h4 Ne4 19. Rg2 Nc8 20. h5 Ncd6 21. hxg6 hxg6 22. Ng3 Bc6 23. Be3 Nc4 24. Bc1 Ncd6 25. Be3 Nc4 26. Bc1 Ncd6 1/2-1/2

[Event "Verbandsliga Sued Baden 0607"]
[Site "Germany"]
[Date "2006.11.12"]
[Round "2.4"]
[White "Dobschat, Benjamin"]
[Black "Steiger, Wolfgang"]
[Result "1-0"]
[WhiteElo "2044"]
[BlackElo "2139"]
[PlyCount "83"]
[EventDate "2006.10.22"]
[EventType "team-tourn"]
[EventRounds "9"]
[EventCountry "GER"]
[SourceTitle "EXT 2008"]
[Source "ChessBase"]
[SourceDate "2007.11.25"]
[SourceVersion "1"]
[SourceVersionDate "2007.11.25"]
[SourceQuality "1"]
[WhiteTeam "Kehl"]
[BlackTeam "Gottmadingen"]
[WhiteTeamCountry "GER"]
[BlackTeamCountry "GER"]

1. e4 c5 2. Nf3 Nc6 3. d4 cxd4 4. Nxd4 g6 5. c4 Bg7 6. Be3 Nf6 7. Nc3 Ng4 8. Qxg4 Nxd4 9. Qd1 e5 10. Bd3 0-0 11. 0-0 d6 12. Nd5 Be6 13. Qd2 Rc8 14. Rac1 Kh8 15. Bxd4 exd4 16. f4 f5 17. exf5 gxf5 18. Rce1 Qd7 19. Qe2 Rce8 20. Qh5 Qc6 21. Re2 Bf7 22. Qxf5 Bg6 23. Qh3 Bxd3 24. Qxd3 Rxe2 25. Qxe2 b5 26. b3 bxc4 27. bxc4 Qc5 28. Qd3 Rc8 29. Re1 Qa5 30. Re2 Qd8 31. g3 Qd7 32. Kg2 Re8 33. Kf2 Qf7 34. Rxe8+ Qxe8 35. Qe2 Qg6 36. Ne7 Qf7 37. Nd5 Qg6 38. Ne7 Qf7 39. Qe4 Qe8 40. Ng6+ Qxg6 41. Qa8+ Bf8 42. Qxf8+ 1-0

[Event "Verbandsliga Sued Baden 0506"]
[Site "Germany"]
[Date "2006.04.09"]
[Round "8.4"]
[White "Dobschat, Benjamin"]
[Black "Lang, Alexander"]
[Result "1/2-1/2"]
[WhiteElo "2006"]
[BlackElo "2045"]
[PlyCount "78"]
[EventDate "2005.10.16"]
[EventType "team-tourn"]
[EventRounds "9"]
[EventCountry "GER"]
[SourceTitle "EXT 2007"]
[Source "ChessBase"]
[SourceDate "2006.11.23"]
[SourceVersion "1"]
[SourceVersionDate "2006.11.23"]
[SourceQuality "1"]
[WhiteTeam "Kehl"]
[BlackTeam "Oberwinden"]
[WhiteTeamCountry "GER"]
[BlackTeamCountry "GER"]

1. e4 c6 2. d4 d5 3. exd5 cxd5 4. c4 Nf6 5. Nc3 e6 6. Nf3 Bb4 7. Bd2 Nc6 8. a3 Be7 9. c5 0-0 10. Bf4 Nh5 11. Be3 Nf6 12. Be2 Re8 13. 0-0 Ne4 14. Rc1 Bf6 15. b4 Nxc3 16. Rxc3 e5 17. dxe5 Nxe5 18. Nxe5 Rxe5 19. Bd4 Rxe2 20. Bxf6 Qe8 21. Rg3 g6 22. Qxd5 Qe4 23. Qxe4 Rxe4 24. Re3 Rxe3 25. fxe3 Be6 26. Rd1 Rc8 27. Rd6 h6 28. h4 Kf8 29. Kf2 Ke8 30. e4 Bd7 31. e5 Rc6 32. Ke3 Rxd6 33. exd6 Bc6 34. g3 Kd7 35. Kd4 Ke6 36. Bg7 h5 37. Kc4 a6 38. Kb3 Kd5 39. a4 Bd7 1/2-1/2

[Event "Baden-ch"]
[Site "Ottenau"]
[Date "2005.03.28"]
[Round "5"]
[White "Dobschat, Benjamin"]
[Black "Wessbecher, Hubert"]
[Result "1/2-1/2"]
[WhiteElo "2090"]
[BlackElo "2129"]
[PlyCount "26"]
[EventDate "2005.03.25"]
[EventType "swiss"]
[EventRounds "11"]
[EventCountry "GER"]
[SourceTitle "CBM 105 Extra"]
[Source "ChessBase"]
[SourceDate "2005.05.01"]
[SourceVersion "1"]
[SourceVersionDate "2005.05.01"]
[SourceQuality "1"]

1. e4 d5 2. exd5 Qxd5 3. Nc3 Qa5 4. d4 c6 5. Nf3 Bf5 6. Bf4 e6 7. Bd2 Nd7 8. Qe2 Bb4 9. 0-0-0 Ngf6 10. a3 Bxc3 11. bxc3 Qc7 12. Ne5 Nxe5 13. Qxe5 Qxe5 1/2-1/2

[Event "Verbandsliga Sued Baden 0405"]
[Site "Germany"]
[Date "2005.03.13"]
[Round "8.6"]
[White "Dobschat, Benjamin"]
[Black "Schneider, Dominik"]
[Result "1-0"]
[WhiteElo "2080"]
[BlackElo "2105"]
[PlyCount "85"]
[EventDate "2004.10.10"]
[EventType "team-tourn"]
[EventRounds "9"]
[EventCountry "GER"]
[SourceTitle "EXT 2007"]
[Source "ChessBase"]
[SourceDate "2006.11.23"]
[SourceVersion "1"]
[SourceVersionDate "2006.11.23"]
[SourceQuality "1"]
[WhiteTeam "Kehl"]
[BlackTeam "Offenburg"]
[WhiteTeamCountry "GER"]
[BlackTeamCountry "GER"]

1. e4 e5 2. Nf3 Nf6 3. d4 Nxe4 4. Bd3 d5 5. Nxe5 Nd7 6. Nxd7 Bxd7 7. 0-0 Qh4 8. g3 Qf6 9. Nc3 Nxc3 10. bxc3 Be7 11. Re1 0-0 12. Qh5 g6 13. Qxd5 Bc6 14. Qe5 Qf3 15. Be4 Bxe4 16. Qxe4 Qxe4 17. Rxe4 Bd6 18. Bf4 Bxf4 19. Rxf4 Rfe8 20. Kf1 Re6 21. Re1 Rae8 22. Rxe6 Rxe6 23. d5 Rd6 24. Rd4 Kf8 25. Ke2 Ke7 26. a4 a5 27. Kd3 Rf6 28. f4 h5 29. Re4+ Kd7 30. c4 Rb6 31. c5 Rb1 32. f5 Rd1+ 33. Kc4 Rd2 34. c3 Rxh2 35. f6 Rg2 36. Re7+ Kd8 37. Rxf7 Rxg3 38. c6 bxc6 39. dxc6 Ke8 40. Rxc7 Rf3 41. Re7+ Kd8 42. c7+ Kc8 43. f7 1-0

[Event "Verbandsliga Sued Baden 0405"]
[Site "Germany"]
[Date "2005.01.09"]
[Round "5.6"]
[White "Pepping, Simon"]
[Black "Dobschat, Benjamin"]
[Result "0-1"]
[WhiteElo "2002"]
[BlackElo "2080"]
[PlyCount "88"]
[EventDate "2004.10.10"]
[EventType "team-tourn"]
[EventRounds "9"]
[EventCountry "GER"]
[SourceTitle "EXT 2007"]
[Source "ChessBase"]
[SourceDate "2006.11.23"]
[SourceVersion "1"]
[SourceVersionDate "2006.11.23"]
[SourceQuality "1"]
[WhiteTeam "Dreisamtal"]
[BlackTeam "Kehl"]
[WhiteTeamCountry "GER"]
[BlackTeamCountry "GER"]

1. c4 e5 2. g3 Nf6 3. Bg2 c6 4. Nf3 e4 5. Nd4 d5 6. Nc3 Qb6 7. Nc2 Be7 8. 0-0 0-0 9. cxd5 cxd5 10. d3 Rd8 11. Rb1 Bf5 12. d4 Nc6 13. b4 Qc7 14. Bf4 Qd7 15. b5 Na5 16. Ne3 Be6 17. f3 exf3 18. Bxf3 Rac8 19. Qd2 Nc4 20. Nxc4 Rxc4 21. e3 Rdc8 22. Ne2 Rc2 23. Qa5 Bg4 24. Rbe1 Bxf3 25. Rxf3 b6 26. Qa4 Qh3 27. Rf2 Ng4 28. Rg2 g5 29. Qxa7 gxf4 30. gxf4 Kf8 31. Qd7 Qxe3+ 32. Kf1 Nf6 33. Rg3 Qxg3 34. Qxc8+ Rxc8 35. Nxg3 Bd6 36. Nf5 Bxf4 37. h3 Ne4 38. Ke2 Rc2+ 39. Kf3 Bg5 40. Kg4 Bf6 41. Ne3 Rd2 42. Nxd5 Rxd4 43. Nxb6 Nc3+ 44. Kf5 Bd8 0-1

[Event "Eppingen op"]
[Site "Eppingen"]
[Date "2004.04.11"]
[Round "4.9"]
[White "Dobschat, Benjamin"]
[Black "Schneider, Bernd2"]
[Result "0-1"]
[WhiteElo "2122"]
[BlackElo "2422"]
[PlyCount "84"]
[EventDate "2004.04.09"]
[EventType "swiss"]
[EventRounds "11"]
[EventCountry "GER"]
[SourceTitle "CBM 099 Extra"]
[Source "ChessBase"]
[SourceDate "2004.05.04"]
[SourceVersion "1"]
[SourceVersionDate "2004.05.04"]
[SourceQuality "1"]

1. e4 c5 2. Nf3 e6 3. d4 cxd4 4. Nxd4 a6 5. Bd3 Qc7 6. 0-0 Nf6 7. Nc3 Bc5 8. Nb3 Ba7 9. Qe2 h5 10. Kh1 Nc6 11. f4 d6 12. Be3 Bxe3 13. Qxe3 Bd7 14. Ne2 0-0-0 15. Nbd4 Ng4 16. Qg1 Rdg8 17. c4 g5 18. f5 Nce5 19. Bb1 Kb8 20. b3 h4 21. Bc2 h3 22. g3 Nh6 23. Qe3 Neg4 24. Qd2 exf5 25. exf5 Re8 26. Nc3 Ne3 27. Rf3 Nxc2 28. Qxc2 Re5 29. Nd5 Qc5 30. Qd3 Ng4 31. b4 Qc8 32. Raf1 Rhe8 33. Nb6 Qc7 34. Nxd7+ Qxd7 35. b5 Re3 36. Rxe3 Rxe3 37. Qd1 Ne5 38. Kg1 Rd3 39. Qa1 Qc7 40. Rd1 Qc5 41. Rxd3 Nxd3 42. bxa6 Qxd4+ 0-1